| 000 | 00870nam a2200241 u 4500 | ||
|---|---|---|---|
| 005 | 20241022063656.0 | ||
| 008 | 150420s1991 r 000 0 eng d | ||
| 020 | _a8475097138 | ||
| 035 | _aUPN01000202902 | ||
| 049 | _aCG | ||
| 050 | 4 |
_aHV40 _bC3.9 |
|
| 100 | 1 |
_aCampanini, Annamaria _937036 |
|
| 245 | 1 | 0 |
_aServicio social y modelo sistémico : _buna nueva perspectiva para la práctica cotidiana / _cAnnamaria Campanini, Francesco Luppi ; tr. Beatriz E. Anastasi de Lonné. |
| 260 |
_aBarcelona, Esp. : _bPaidós, _c1991. |
||
| 300 | _a220 p. | ||
| 440 | 0 |
_aTerapia familiar ; _v49 |
|
| 534 |
_pTítulo original: _tServizio sociale e modello sistemico ; una nuova prospettiva per la practica quotidiana |
||
| 650 | 4 |
_aTrabajo social _96125 |
|
| 650 | 4 |
_aServicio social _96246 |
|
| 700 | 1 |
_aLuppi, Francesco, _ecoaut. |
|
| 905 | _aLibro | ||
| 999 |
_c175003 _d175003 |
||